| 000 | 00717nam a22001337a 4500 | ||
|---|---|---|---|
| 040 | _cRUA | ||
| 082 | _aAGR CHO 2017 B646 Or.1 | ||
| 100 | _aCHOEUN CHETHABOT ជឿន ជេដ្ឋាបុត្រ | ||
| 245 | _acomparison of imo5 compost fertilizer rates on growth and yield of celery cabbage ( Brassica Copestris) ប្រៀបធៀបកម្រិតជីកំប៉ុស្តិ៍គោកIMO5 ទៅលើការលូតលាស់និងទិន្នផលដំណាំស្ពៃចង្កិះ | ||
| 260 |
_aRUA _bPhnom penh _c2017 |
||
| 300 |
_axi;42p _bill; _c29cm |
||
| 856 | _uhttps://drive.google.com/file/d/1539VNE8g_38JhiU1kKBILV7D1_r1wWUb/view?usp=sharing | ||
| 942 | _cAGR | ||
| 999 |
_c18238 _d18238 |
||